Biblioteca

Confesar y compartir : Declaraciones evangélicas sobre desafíos contemporáneos (Registro nro. 35155)

Detalles MARC
000 -LÍDER
Campo fijo de descripción fija 01195nam a2200289 i 4500
001 - NÚMERO DE CONTROL
Campo de control 768714001
003 - IDENTIFICADOR DEL NÚMERO DE CONTROL
Campo de control CO-MdFUSB
005 - FECHA Y HORA DE LA ULTIMA TRANSACCIÓN
control field 20241204170221.0
007 - CAMPO FIJO DE DESCRIPCIÓN FIJA--INFORMACIÓN GENERAL
Campo fijo de descripción fija ta
008 - ELEMENTOS DE LONGITUD FIJA -- INFORMACIÓN GENERAL
Campo fijo de descripción fija -- Información general 241204t1996 pe ||||| |||| 00| 0dspa d
040 ## - FUENTE DE CATALOGACIÓN
Agencia de catalogación original CO-MdFUSB
Idioma de catalogación spa
Agencia que realiza la transcripción CO-MdFUSB
Agencia que realiza la modificación CO-MdFUSB
Convenciones de la descripción rda
041 0# - CÓDIGO DE IDIOMA
Código de idioma para texto/pista de sonido o título separado spa
082 04 - NÚMERO DE CLASIFICACIÓN DECIMAL DEWEY
Número de clasificación G 238
Número de la edición del Dewey 23
Clave de autor-Numero de item A6621c
245 10 - TÍTULO
Título del Material Confesar y compartir : Declaraciones evangélicas sobre desafíos contemporáneos
Mención de responsabilidad, etc. / Pedro Arana Quiroz ; traducido por José Luis Falconí
260 ## - PUBLICACIÓN, DISTRIBUCIÓN, ETC. (PIE DE IMPRENTA)
Lugar de publicación, distribución, etc. Lima, Perú : World Evangelical Fellowship
264 #1 - PRODUCCIÓN, PUBLICACIÓN, DISTRIBUCIÓN, MANUFACTURA, Y COPYRIGHT
Nombre del productor, publicador, distribuidor World Evangelical Fellowship,
Lugar de producción, publicación, distribución, manufactura Lima, Perú :
Fecha de producción, publicación, distribución, manufactura, o copyright [1996]
264 #4 - PRODUCCIÓN, PUBLICACIÓN, DISTRIBUCIÓN, MANUFACTURA, Y COPYRIGHT
Fecha de producción, publicación, distribución, manufactura, o copyright ©1996
300 ## - DESCRIPCIÓN FÍSICA
Extensión 106 Páginas
Dimensiones 20 cm
336 ## - TIPO DE CONTENIDO
Término de tipo de contenido texto
Código de tipo de contenido txt
Fuente rdacontent
337 ## - TIPO DE MEDIO
Fuente rdamedia
Nombre del tipo de medio sin mediación
Código del tipo de medio n
338 ## - TIPO DE SOPORTE
Fuente rdacarrier
Nombre del tipo de soporte volumen
Código Tipo de soporte nc
505 ## - NOTA DE CONTENIDO
Nota de contenido con formato preestablecido El Cristo único en nuestro mundo pluralista. -- Una respuesta Evangélica a "confesar la fe común". -- Cristianismo evangélico y medio ambiente. -- Compartiendo las buenas nuevas con los pobres. -- Declaración sobre la teología de la prosperidad y la teología del sufrimiento.
563 ## - NOTA DE ENCUADERNACIÓN
Nota de encuadernación Rustica
653 ## - TÉRMINO DE INDIZACIÓN - NO CONTROLADO
Término no controlado Iglesias Protestantes - Credos
942 ## - TIPO DE MATERIAL (KOHA)
Tipo de Item KOHA Libros General
945 ## - INFORMACIÓN LOCAL DEL REGISTRO
Catalogador Luz
Existencias
Estado de Material Estado de Perdido Estado de Dañado No para Préstamo Colección Tomo Biblioteca de Origen Biblioteca Permanente Fecha de Adquisición Total de Préstamos Total de Renovaciones Signatura Topográfica Código de Barras Última vez visto Última vez Préstado Ejemplar/Existencia Fecha de Remplazo Tipo de Material
        Colección General   Biblioteca FUSBC Biblioteca FUSBC 07/12/2004 1 2 G 238 A6621c 11958 12/12/2019 06/08/2016 1 26/01/2016 Libros General

Biblioteca FUSBC | Teléfono: (57+4) 349 88 10 Ext. 141| WhatsApp (+57) 3005338115 
E-mail: biblioteca@unisbc.edu.co | Calle 76 87-14 Robledo Palenque, Medellín, Colombia

Con tecnología Koha